KOHA-Header-6

Economic Development (Record no. 9080)

000 -LEADER
fixed length control field 00236nam a2200109Ia 4500
020 ## - INTERNATIONAL STANDARD BOOK NUMBER
ISBN 978-0133406788
100 ## - MAIN ENTRY--AUTHOR NAME
Personal name Michael P. Todaro
245 #0 - TITLE STATEMENT
Title Economic Development
260 ## - PUBLICATION, DISTRIBUTION, ETC. (IMPRINT)
Place of publication New York
Name of publisher Pearson
Year of publication 1983
300 ## - PHYSICAL DESCRIPTION
Number of Pages 424
942 ## - ADDED ENTRY ELEMENTS (KOHA)
Koha item type Books
Holdings
Withdrawn status Lost status Permanent Location Current Location Date acquired Full call number Accession Number Koha item type
    MAJU MAJU 2019-09-14 658.848 4405 Books

Powered by Koha